000 00520nam a2200169Ia 4500
999 _c19246
_d19246
003 OSt
005 20200701095602.0
008 190216s9999||||xx |||||||||||||| ||und||
040 _coclc
082 _a909.09821
_bBRI/C
100 _aBrinton, Crane
_93306
245 0 _aCivilization In The West /
_cCrane Brinton ; John B Christopher & Robert
250 _a4th Ed.
260 _bPrentice Hall India,
_c1981.
_aNew Delhi:
300 _a319p
942 _cBK
_2ddc
_h909.09821
_iBRI/C
_k909.09821
_mBRI/C